| 000 | 00374nam a2200145Ia 4500 | ||
|---|---|---|---|
| 008 | 240719s9999 xx 000 0 und d | ||
| 041 | _aeng | ||
| 082 | _a658.421 KAP | ||
| 100 | _aKaplan, Jack M | ||
| 245 | _aPatterns Of Entrepreneurship Management | ||
| 250 | _a6th | ||
| 260 |
_aNew Delhi _bWiely _c2022 |
||
| 300 | _a376;. P. 24 Cm | ||
| 520 | _aGifted By : IMT Faculty | ||
| 999 |
_c41373 _d41373 |
||